000 00383nam a2200145Ia 4500
003 LK-CoDNM
008 010623t1916 xxu||||| |||| 00| 1 eng d
040 _aLK-CoDNM
_dLK-CoDNM
_eLK-CoDNM
041 _aeng
080 _a15 G 14
245 _aGovernment Circulars Issued to Heads of Departments-1915
260 _bH.C.Cottle
_aColombo
_c1916
300 _bvi,32p., 24 cm
942 _cBK
999 _c88705
_d88705